The Seven wonders of the modern world. (Record no. 112439)
[ view plain ]
| 000 -LEADER | |
|---|---|
| fixed length control field | 00459nam a2200169 a 4500 |
| 001 - CONTROL NUMBER | |
| control field | 4144 |
| 005 - DATE AND TIME OF LATEST TRANSACTION | |
| control field | 20140414131936.0 |
| 008 - FIXED-LENGTH DATA ELEMENTS--GENERAL INFORMATION | |
| fixed length control field | 090317s19uu xx 00 eng d |
| 020 ## - INTERNATIONAL STANDARD BOOK NUMBER | |
| International Standard Book Number | 8124304319 |
| 050 ## - LIBRARY OF CONGRESS CALL NUMBER | |
| Classification number | REF 620.21 |
| Item number | Se8 1999 |
| 245 ## - TITLE STATEMENT | |
| Title | The Seven wonders of the modern world. |
| 260 ## - PUBLICATION, DISTRIBUTION, ETC. (IMPRINT) | |
| Place of publication, distribution, etc | Dadar, Mumbai, India : |
| Name of publisher, distributor, etc | Navneet Publication, |
| Date of publication, distribution, etc | 1999. |
| 300 ## - PHYSICAL DESCRIPTION | |
| Extent | 32 |
| 440 ## - SERIES STATEMENT/ADDED ENTRY--TITLE | |
| Title | What can eye see? |
| 650 ## - SUBJECT ADDED ENTRY--TOPICAL TERM | |
| Topical term or geographic name as entry element | Technology-modern world. |
| Withdrawn status | Lost status | Damaged status | Home library | Current library | Shelving location | Date acquired | Total Checkouts | Full call number | Barcode | Date last seen | Price effective from | Koha item type |
|---|---|---|---|---|---|---|---|---|---|---|---|---|
| Munich Library | Munich Library | Reference Section | 03/17/2009 | REF 620.21 Se8 1999 | M3737 | 04/14/2014 | 04/14/2014 | Books |